000 00222 a2200109 4500
001 51240
040 _cAnchieta - Pituba
240 1 0 _aOficina de Música
_l
245 1 0 _aOficina de Música
650 4 _aMúsica
942 _cMX
999 _c51240
_d51240